01017nam a2200265 i 450000100060000000300090000600500170001500700030003200800410003502000180007608000230009411000300011724501300014726000430027730000220032049000140034250501210035653400950047765000450057270000210061770000330063871000440067183000140071585200220072910244ES-MaACL20230906145840.0t|950324s1994 sp |||| | spa d a84-87111-42-4 a35(794)"17"(094.5)1 aCalifornia. bGobernador.10aReglamento para el gobierno de la Provincia de Californias, 1781 /cFelipe de Neve ; edición de Salvador Bernabéu Albert. aAranjuez : bDoce Calles, cD.L. 1994. a117 p. ; c24 cm.1 aRegidores8 aIncluye: ; tInforme de Felipe de Neve (1778) ; tReglamento de precios para la antigua California (1781) (p. 37-64) pReprod. de la ed. de: cMéxico : por D. Felipe de Zuniga y Ontiveros ..., año de 1784. 4aDerecho colonial-zCalifornia-vFuentes.1 aNeve, Felipe de.1 aBernabéu Albert, Salvador.1 aEspaña. bRey (1759-1788: Carlos III)0 aRegidores aES-MaACLjL-17681